000 00299nam a2200121Ia 4500
008 241002s9999 xx 000 0 und d
082 _a928.1 LOW
100 _aLowenthal, Marrin
245 4 _aThe Autobiography Of Michel de Momaigne
260 _aNew York:
_c1953
600 _aHistory
942 _cUC
999 _c18484
_d18484